[Event "World Rapid 2017"]
[Site "Riyadh KSA"]
[Date "2017.12.26"]
[Round "3.40"]
[White "Kokarev, Dmitry"]
[Black "Abdyjapar, Asyl"]
[Result "1/2-1/2"]
[WhiteTitle "GM"]
[BlackTitle "IM"]
[WhiteElo "2615"]
[BlackElo "2382"]
[WhiteFideId "4132181"]
[BlackFideId "13800337"]
[EventDate "2017.12.26"]

1. g3 Nf6 2. Bg2 c5 3. c4 e6 4. Nf3 d5 5. O-O Nc6 6. cxd5 Nxd5 7. Nc3 Be7 8.
Nxd5 Qxd5 9. d3 O-O 10. Be3 Qd8 11. Rc1 Qa5 12. Qb3 Nb4 13. Nd2 Nd5 14. Bxd5
exd5 15. Qxd5 Rd8 16. Qe4 Bf8 17. a3 Qb5 18. b3 Be6 19. a4 Qb6 20. Qe5 Rac8 21.
Rfe1 h6 22. Qc3 Bd5 23. f3 Qe6 24. Bf2 b6 25. a5 b5 26. Ne4 b4 27. Qb2 f5 28.
Nd2 Re8 29. Nc4 Qa6 30. Qc2 Re6 31. Ne3 Bb7 32. Nxf5 Qxa5 33. e4 Ba6 34. Ne3 Qd8
35. Nc4 Bb5 36. Ra1 a6 37. Rad1 Qe8 38. Be3 Qh5 39. Qg2 Rd8 40. g4 Qh4 41. Qg3
Qf6 42. e5 Qf7 43. f4 Ree8 44. f5 Qd5 45. e6 Bc6 46. h3 Be7 47. Rf1 Bh4 48. Qh2
Bb7 49. Rd2 Bf6 50. Qg3 Rf8 51. Kh2 Bc3 52. Rdd1 Rde8 53. Rf2 Bf6 54. Qd6 Rd8
55. Qxd5 Rxd5 56. Nb6 Rfd8 57. Nxd5 Rxd5 58. Rc2 Be5+ 59. Kg1 Bc3 60. Re2 Kf8
61. Bf2 Ke8 62. Be3 Bc6 63. Bf2 Bb5 64. Re3 a5 65. Kg2 a4 66. bxa4 Bxa4 67. Rc1
Bb5 68. Rc2 Bd4 69. Ra2 b3 70. Ra8+ Rd8 71. Rxd8+ Kxd8 72. Re2 b2 73. Rxb2 Bxb2
74. Bxc5 Bxd3 75. Bd6 Ke8 76. Kg3 Bc3 77. Kf4 Bf1 78. h4 Be1 79. Be5 Kf8 80.
Bd6+ Kg8 81. g5 Bd2+ 82. Ke4 hxg5 83. hxg5 Bxg5 84. Bb4 Bb5 85. Bc5 Ba4 86. Bb4
Bc2+ 87. Ke5 Bf6+ 88. Kf4 Bd8 89. Bd6 Ba5 90. Be5 Bd2+ 91. Kg4 Bd1+ 92. Kg3 Bg5
93. Bd6 Kh7 94. Be5 Be7 95. Kf4 Kg8 96. Bc3 Kf8 97. Bd4 Bf6 98. Bc5+ Ke8 99. Bd6
Kd8 100. Ke4 Kc8 101. Be5 Bc2+ 102. Kf4 Kb7 103. Bd6 Kc6 104. Bb4 Kd5 105. Bf8
Ba4 106. Bb4 Be8 107. Bf8 Be5+ 108. Kg5 Bf6+ 109. Kf4 Bc6 110. Ba3 Bb5 111. Bf8
Be8 112. Bb4 Be5+ 113. Kg5 Ke4 114. Be7 Bf4+ 115. Kg4 Bb5 116. f6 Be2+ 117. Kh3
g5 118. f7 Bf1+ 119. Kg4 Be2+ 1/2-1/2

[Event "World Rapid 2017"]
[Site "Riyadh KSA"]
[Date "2017.12.26"]
[Round "3.41"]
[White "Sanal, Vahap"]
[Black "Georgiev, Kiril"]
[Result "1/2-1/2"]
[WhiteTitle "GM"]
[BlackTitle "GM"]
[WhiteElo "2551"]
[BlackElo "2623"]
[WhiteFideId "6300545"]
[BlackFideId "2900017"]
[EventDate "2017.12.26"]

1. Nf3 Nf6 2. c4 e6 3. b3 b6 4. g3 Bb7 5. Bg2 Be7 6. Bb2 O-O 7. O-O c5 8. Nc3 d6
9. d4 cxd4 10. Qxd4 a6 11. Rfd1 Nbd7 12. e4 Qc7 13. Rac1 Rad8 14. Qe3 Rfe8 15.
h3 Bf8 16. Nd4 Qb8 17. Qd3 Ba8 18. a4 g6 19. Qb1 Bg7 20. Ba3 Ne5 21. Rc2 d5 22.
cxd5 exd5 23. f4 dxe4 24. fxe5 Qxe5 25. Nde2 Rd3 26. Rcd2 Rxc3 27. Bd6 Qg5 28.
Nxc3 Qe3+ 29. Kh2 Qxc3 30. Rc2 Qa5 31. Qc1 Qf5 32. Qf4 Qe6 33. Qe3 h5 34. Qxb6
Bd5 35. Rb1 h4 36. g4 e3 37. Bc7 Qe7 38. Qd6 Qxd6+ 39. Bxd6 Ne4 40. Bf4 Bd4 41.
Re1 Bxb3 42. Rc6 Nc3 43. Rd6 g5 44. Rxd4 gxf4 45. Rxf4 e2 46. Rb4 Bd1 47. Bf3
Nxa4 48. Bc6 Nc5 49. Bxe8 Nd3 50. Rxe2 Bxe2 51. Re4 Bd1 52. Rd4 Bc2 53. Rc4 Bb1
54. Ra4 Kf8 55. Bc6 Ne5 56. Rxa6 Kg7 57. Bg2 f6 58. Ra7+ Kg6 59. Ra1 Bd3 60. Ra5
Kg5 61. Kg1 Kf4 62. Ra4+ Kg5 63. Ra5 Kf4 64. Kf2 f5 65. Ra4+ Kg5 66. gxf5 Bxf5
67. Ke3 Bd7 68. Ra8 Ng6 69. Ra5+ Kf6 70. Ra7 Be6 71. Ra6 Ke5 72. Be4 Ne7 73.
Ra5+ Kf6 74. Bg2 Ng6 75. Ra3 Ke5 76. Ra5+ Kf6 77. Rh5 Bf5 78. Kf2 Ke5 79. Kg1
Kf6 80. Kh2 Ke6 81. Bf3 Bxh3 82. Be4 Nf4 83. Rxh4 Ke5 84. Ba8 Be6 85. Kg3 Ne2+
86. Kf2 Nc3 87. Bb7 Nd5 88. Kf3 Nf6 89. Ke3 Ng4+ 90. Kd3 Nf6 91. Ra4 Bf5+ 92.
Ke3 Nd5+ 93. Kf3 Bd3 94. Rh4 Nf6 95. Rh1 Bc4 96. Re1+ Kd4 97. Rd1+ Ke5 98. Bc8
Bd5+ 99. Ke3 Be4 100. Ra1 Nd5+ 101. Kf2 Nf6 102. Kg3 Bd5 103. Re1+ Ne4+ 104. Kg4
Kd4 105. Kf4 Nf2 106. Re8 Nd3+ 107. Kf5 Bc4 108. Bb7 Nc5 109. Rd8+ Ke3 110. Ba8
Nd3 111. Rh8 Kd4 112. Rh4+ Kc3 113. Ke4 Nb4 114. Rh3+ Bd3+ 115. Ke5 Kc4 116. Be4
Bxe4 117. Kxe4 Nd5 118. Rh4 Nc3+ 119. Ke5+ Kc5 120. Rd4 Nb5 121. Rd8 Kc4 122.
Rc8+ Kd3 123. Kd5 Nc3+ 124. Ke5 Nb5 125. Rb8 Nc3 126. Rb4 Ke3 127. Rd4 Ne2 128.
Rh4 Kd3 1/2-1/2

[Event "World Rapid 2017"]
[Site "Riyadh KSA"]
[Date "2017.12.26"]
[Round "3.42"]
[White "Rakhmanov, Aleksandr"]
[Black "Christiansen, Johan-Sebastian"]
[Result "1-0"]
[WhiteTitle "GM"]
[BlackTitle "IM"]
[WhiteElo "2653"]
[BlackElo "2495"]
[WhiteFideId "4173708"]
[BlackFideId "1512668"]
[EventDate "2017.12.26"]

1. c4 e5 2. Nf3 e4 3. Nd4 Nf6 4. Nc3 Nc6 5. Nxc6 bxc6 6. g3 d5 7. cxd5 cxd5 8.
d3 exd3 9. Qxd3 c6 10. Bg2 Be7 11. O-O O-O 12. Bf4 a5 13. Rfd1 Nh5 14. Be3 a4
15. Rac1 Qa5 16. Qc2 Be6 17. Rd4 a3 18. b3 Rfc8 19. Ra4 Qd8 20. Rxa8 Rxa8 21.
Na4 Rc8 22. Bb6 Qe8 23. Bc5 Nf6 24. Bxe7 Qxe7 25. Nc5 Bg4 26. e3 Rd8 27. h3 Bc8
28. Qc3 h5 29. Qd4 Bf5 30. Na6 Qb7 31. Nc5 Qe7 32. Rd1 Re8 33. Qc3 Qc7 34. b4
Qc8 35. Kh2 Qc7 36. Rd4 Qa7 37. Rf4 Bg6 38. Nb3 Rc8 39. Nc5 Rb8 40. Rd4 Ne8 41.
Nb3 Qa6 42. Na5 Rc8 43. Kg1 Nd6 44. Bf1 Qb6 45. Qxa3 Nf5 46. Rd2 Re8 47. Qc3 Re6
48. Qc5 Qc7 49. Bg2 Qe5 50. Nb3 Nd6 51. Qd4 Qf5 52. Nc5 Re8 53. a4 Nc4 54. Rd1
Qc2 55. Ra1 Nb2 56. a5 Bd3 57. a6 Bb5 58. a7 Ra8 59. Bxd5 cxd5 60. Qxd5 Kh7 61.
Qxa8 Bd3 62. Qg2 1-0

[Event "World Rapid 2017"]
[Site "Riyadh KSA"]
[Date "2017.12.26"]
[Round "3.43"]
[White "Dzhumagaliev, Yan"]
[Black "Potkin, Vladimir"]
[Result "1-0"]
[WhiteTitle "FM"]
[BlackTitle "GM"]
[WhiteElo "2400"]
[BlackElo "2574"]
[WhiteFideId "24100110"]
[BlackFideId "4131061"]
[EventDate "2017.12.26"]

1. Nf3 d5 2. d4 Nf6 3. c4 e6 4. g3 dxc4 5. Bg2 a6 6. O-O Nc6 7. e3 Rb8 8. Qe2 b5
9. Rd1 Be7 10. b3 cxb3 11. axb3 O-O 12. e4 Bb7 13. Bf4 Nb4 14. Nc3 Rc8 15. Rac1
Qe8 16. Ne1 h6 17. h4 Qd7 18. Bh3 c6 19. g4 Nh7 20. Nf3 Qd8 21. Bg3 Re8 22. Qe3
Qb6 23. Ne5 Rcd8 24. g5 hxg5 25. Nxf7 Kxf7 26. Qf3+ Bf6 27. e5 c5 28. Ne4 gxh4
29. Qh5+ Kg8 30. exf6 Rf8 31. fxg7 hxg3 1-0

[Event "World Rapid 2017"]
[Site "Riyadh KSA"]
[Date "2017.12.26"]
[Round "3.44"]
[White "Almasi, Zoltan"]
[Black "El Adnani, Mokliss"]
[Result "1-0"]
[WhiteTitle "GM"]
[BlackTitle "IM"]
[WhiteElo "2682"]
[BlackElo "2448"]
[WhiteFideId "702293"]
[BlackFideId "9000410"]
[EventDate "2017.12.26"]

1. Nf3 Nf6 2. c4 g6 3. b3 Bg7 4. Bb2 O-O 5. g3 a5 6. Nc3 d5 7. Bg2 Nc6 8. Nxd5
Nxd5 9. Bxg7 Kxg7 10. cxd5 Qxd5 11. Qc2 Nd4 12. Qc3 e5 13. Qxc7 Bg4 14. Qxe5+
Qxe5 15. Nxe5 Bxe2 16. f4 Rfe8 17. Rc1 Re7 18. Kf2 f6 19. Nf3 Bxf3 20. Bxf3 Nxf3
21. Kxf3 Rd8 22. Rc2 g5 23. Rhc1 Rd3+ 24. Kf2 g4 25. Kf1 Kg6 26. Rc5 Rf3+ 27.
Kg1 Re2 28. Rf1 a4 29. Rxf3 gxf3 30. Rd5 Rg2+ 31. Kf1 Rxh2 32. bxa4 f5 33. a5 h6
34. Rd7 Rh1+ 35. Kf2 Ra1 36. Rxb7 Rxa2 37. Rb5 Ra3 38. Rd5 Kh5 39. Rxf5+ Kg4 40.
Rf6 Rxa5 41. Rxh6 Ra3 42. Rh4+ Kf5 43. Rh5+ Ke4 44. Re5+ Kd4 45. Re3 Ra2 46.
Kxf3 Rxd2 47. g4 Rh2 48. Re8 Rh3+ 49. Kg2 Ra3 50. g5 Kd5 51. g6 Ra2+ 52. Kf3 Ra1
53. g7 1-0

[Event "World Rapid 2017"]
[Site "Riyadh KSA"]
[Date "2017.12.26"]
[Round "3.45"]
[White "Esipenko, Andrey"]
[Black "Vallejo Pons, Francisco"]
[Result "1-0"]
[WhiteTitle "FM"]
[BlackTitle "GM"]
[WhiteElo "2564"]
[BlackElo "2707"]
[WhiteFideId "24175439"]
[BlackFideId "2205530"]
[EventDate "2017.12.26"]

1. d4 d5 2. c4 dxc4 3. e3 Nf6 4. Bxc4 e6 5. Nf3 c5 6. Qe2 cxd4 7. exd4 Be7 8.
O-O O-O 9. Nc3 a6 10. Bg5 b5 11. Bb3 Bb7 12. Rad1 b4 13. Bxf6 Bxf6 14. Ne4 Be7
15. Ne5 a5 16. Bc4 Bd5 17. Rc1 Ra7 18. Rfd1 a4 19. Nc5 Bg5 20. Rc2 Bf6 21. h3 h6
22. Ne4 Bxe4 23. Qxe4 Bxe5 24. Bd3 Bh2+ 25. Kxh2 g6 26. Qf4 Qg5 27. Qxg5 hxg5
28. Rc4 Rd8 29. Rxb4 Nc6 30. Rc4 Nxd4 31. Bc2 e5 32. Bxa4 Kg7 33. Kh1 Rd6 34.
Re1 Ra5 35. b3 Ne6 36. Rc2 Nf4 37. Kg1 f5 38. Bc6 e4 39. b4 Ra3 40. b5 Nd3 41.
Rd1 Ra4 42. b6 Rb4 43. b7 Kf6 44. a4 Ke5 45. a5 Nf4 46. Rxd6 Kxd6 47. a6 Rb1+
48. Kh2 Nd3 49. a7 e3 50. fxe3 Nc5 51. b8=Q+ 1-0

[Event "World Rapid 2017"]
[Site "Riyadh KSA"]
[Date "2017.12.26"]
[Round "3.46"]
[White "Korobov, Anton"]
[Black "Khader, Sami"]
[Result "1-0"]
[WhiteTitle "GM"]
[BlackTitle "IM"]
[WhiteElo "2652"]
[BlackElo "2392"]
[WhiteFideId "14105730"]
[BlackFideId "8100500"]
[EventDate "2017.12.26"]

1. d4 Nf6 2. c4 g6 3. Nc3 Bg7 4. e4 O-O 5. Bg5 c5 6. d5 d6 7. Bd3 a6 8. a4 e5 9.
Nge2 h6 10. Bd2 Nbd7 11. Qc1 Kh7 12. f3 Ng8 13. h4 h5 14. g4 Ndf6 15. Ng3 Rb8
16. Nce2 hxg4 17. h5 g5 18. h6 Bh8 19. Ng1 Ne8 20. Bxg5 Bf6 21. f4 exf4 22. e5+
Kh8 23. exf6 fxg3 24. Ne2 Ngxf6 25. O-O Qe7 26. Rxf6 Nxf6 27. Qc3 Kg8 28. Qxf6 1-0

[Event "World Rapid 2017"]
[Site "Riyadh KSA"]
[Date "2017.12.26"]
[Round "3.47"]
[White "Aronian, Levon"]
[Black "Howell, David W L"]
[Result "1/2-1/2"]
[WhiteTitle "GM"]
[BlackTitle "GM"]
[WhiteElo "2805"]
[BlackElo "2676"]
[WhiteFideId "13300474"]
[BlackFideId "410608"]
[EventDate "2017.12.26"]

1. Nf3 Nf6 2. c4 c5 3. Nc3 Nc6 4. d4 cxd4 5. Nxd4 e6 6. a3 Bc5 7. Nb3 Bb6 8. e4
d5 9. exd5 exd5 10. Nxd5 Nxd5 11. cxd5 Qf6 12. Qf3 Qxf3 13. gxf3 Ne5 14. Be2 Bf5
15. Be3 Rd8 16. Bxb6 axb6 17. Nd4 Bg6 18. Nb5 O-O 19. O-O-O Rfe8 20. Nc3 Bh5 21.
Rd4 Bxf3 22. Bxf3 Nxf3 23. Rf4 Ne5 24. Rd1 Rc8 25. Rb4 Nd7 26. Kb1 Kf8 27. Na4
Re2 28. Nxb6 Nxb6 29. Rxb6 Rc7 30. a4 Rxf2 31. a5 g5 32. d6 Rd7 33. Rc1 Rd2 34.
Rc7 R2xd6 35. Rcxb7 Rxb7 36. Rxd6 Rb5 37. a6 Ke7 38. Rd3 Rb8 39. Ka2 Ra8 40. Ra3
Kd6 41. Kb3 Kc6 42. Kb4 Kb6 43. Rf3 Rxa6 44. Rf6+ Kb7 45. Rxf7+ Kc8 46. Rxh7
Rb6+ 47. Kc3 Rc6+ 48. Kd3 Rb6 49. Kc2 Rc6+ 50. Kb1 g4 51. Re7 Rh6 52. Re2 Kc7
53. Kc2 Rh3 54. Rg2 Kd6 55. Kd1 Ke5 56. Ke1 Rb3 57. Re2+ Kd4 58. Kf2 Rf3+ 59.
Kg2 Rb3 60. Kg1 Kd5 61. Rg2 Ke5 62. Kf1 Kd5 63. Ke1 Rh3 64. Kd2 Rb3 65. Kc2 Rh3
66. b3 Kc5 67. Kb2 Kb5 68. Ka3 Rh8 1/2-1/2

[Event "World Rapid 2017"]
[Site "Riyadh KSA"]
[Date "2017.12.26"]
[Round "3.48"]
[White "Le, Quang Liem"]
[Black "Ganguly, Surya Shekhar"]
[Result "1/2-1/2"]
[WhiteTitle "GM"]
[BlackTitle "GM"]
[WhiteElo "2737"]
[BlackElo "2650"]
[WhiteFideId "12401137"]
[BlackFideId "5002150"]
[EventDate "2017.12.26"]

1. d4 Nf6 2. c4 e6 3. Nf3 d5 4. g3 dxc4 5. Bg2 c5 6. O-O Nc6 7. Qa4 Bd7 8. Qxc4
b5 9. Qc3 b4 10. Qd3 Rc8 11. Bg5 h6 12. Bxf6 Qxf6 13. e3 cxd4 14. exd4 Be7 15.
Nbd2 O-O 16. Rac1 Rfd8 17. Rc4 e5 18. d5 Nd4 19. Nxd4 Rxc4 20. Qxc4 exd4 21. Nb3
d3 22. Qxd3 Qxb2 23. Qe3 Bg5 24. Qxa7 Bb5 25. Rd1 Qe2 26. Qd4 Bf6 27. Qd2 Bc3
28. Qxe2 Bxe2 29. Rc1 Bc4 30. Bf3 Kf8 31. Rd1 Rd6 32. h4 g6 33. Kg2 Ke7 34. h5
gxh5 35. Rh1 Ra6 36. Rh4 Bxb3 37. axb3 Ra3 38. Bd1 Ra2 39. Bxh5 f6 40. Re4+ Kd6
41. Bf3 Rb2 42. Re6+ Kd7 43. Bg4 Kd8 44. Rc6 h5 45. Be6 Ke7 46. Bf5 Be5 47. Re6+
Kd8 48. Rc6 Ke7 49. Bc2 Bc3 50. Bd1 Bd4 51. Bxh5 Bxf2 52. Kh3 Rxb3 53. Re6+ Kd7
54. Rxf6 Bxg3 55. Rf3 1/2-1/2

[Event "World Rapid 2017"]
[Site "Riyadh KSA"]
[Date "2017.12.26"]
[Round "3.49"]
[White "Malakhatko, Vadim"]
[Black "Onischuk, Vladimir"]
[Result "0-1"]
[WhiteTitle "GM"]
[BlackTitle "GM"]
[WhiteElo "2542"]
[BlackElo "2637"]
[WhiteFideId "14104202"]
[BlackFideId "14114038"]
[EventDate "2017.12.26"]

1. c4 d6 2. g3 g6 3. Bg2 Bg7 4. Nc3 Nf6 5. e3 O-O 6. Nge2 e5 7. O-O Re8 8. d3 c6
9. b4 d5 10. cxd5 cxd5 11. d4 e4 12. b5 Nbd7 13. Qb3 Nb6 14. a4 Bg4 15. h3 Bf3
16. a5 Nc4 17. Bxf3 exf3 18. Nf4 Rc8 19. a6 b6 20. Ra4 Qd7 21. Kh2 Na5 22. Rxa5
bxa5 23. Ba3 Rxc3 24. Qxc3 Qxb5 25. Qd3 Qd7 26. Qb3 Qc6 27. Qb7 Qa4 28. Be7 Ne4
29. Nxd5 Qc4 30. Kg1 Nxg3 31. Rb1 Qc2 32. Qb8 Rxb8 33. Rxb8+ Bf8 34. Bxf8 Qc1+
35. Kh2 Nf1+ 36. Kg1 Nxe3+ 37. Kh2 Nf1+ 38. Kg1 Ng3+ 39. Kh2 Qh1+ 40. Kxg3 Qg2+
41. Kh4 Qxf2+ 42. Kg4 h5+ 0-1

[Event "World Rapid 2017"]
[Site "Riyadh KSA"]
[Date "2017.12.26"]
[Round "3.50"]
[White "Anton Guijarro, David"]
[Black "Halkias, Stelios"]
[Result "0-1"]
[WhiteTitle "GM"]
[BlackTitle "GM"]
[WhiteElo "2666"]
[BlackElo "2571"]
[WhiteFideId "2285525"]
[BlackFideId "4201809"]
[EventDate "2017.12.26"]

1. Nf3 Nf6 2. c4 e6 3. g3 d5 4. Bg2 dxc4 5. Na3 Bxa3 6. bxa3 b5 7. Ne5 Nd5 8. d3
Qf6 9. Bf4 cxd3 10. Nxd3 Nxf4 11. gxf4 c6 12. O-O O-O 13. Qc1 a5 14. Qe3 Nd7 15.
Bxc6 Rb8 16. Qa7 Rb6 17. Rac1 Rxc6 18. Rxc6 Qg6+ 19. Kh1 Qe4+ 20. f3 Qxc6 21.
Qxa5 Qc2 22. Re1 Qxa2 23. Qxb5 Qxa3 24. Rg1 Qe7 25. Qb2 f6 26. Qb5 Qd6 27. Ra1
Qb6 28. Qc4 Bb7 29. f5 Bd5 30. Qf4 exf5 31. Qxf5 Qe6 32. Qh5 g6 33. Rg1 Kh8 0-1

[Event "World Rapid 2017"]
[Site "Riyadh KSA"]
[Date "2017.12.26"]
[Round "3.51"]
[White "Short, Nigel D"]
[Black "Dobrov, Vladimir"]
[Result "0-1"]
[WhiteTitle "GM"]
[BlackTitle "GM"]
[WhiteElo "2678"]
[BlackElo "2515"]
[WhiteFideId "400025"]
[BlackFideId "4136594"]
[EventDate "2017.12.26"]

1. e4 c5 2. b3 g6 3. Bb2 Nf6 4. Qf3 d6 5. Bb5+ Nbd7 6. Bxf6 exf6 7. Nc3 Bg7 8.
Qf4 O-O 9. Qxd6 f5 10. Nge2 fxe4 11. Bxd7 Bxd7 12. Qxc5 e3 13. fxe3 Bc6 14. Rf1
Rc8 15. Qb4 a5 16. Qf4 b5 17. Nd4 Bxg2 18. Rf2 b4 19. Nce2 Bd5 20. c4 bxc3 21.
Nxc3 Bb7 22. Rd1 Qd7 23. Ncb5 Ba8 24. a4 Rfe8 25. Qd6 Qb7 26. Qg3 Be5 27. Qh4
Qd7 28. Nf3 Bxf3 29. Rxf3 Qd3 30. Qf2 f5 31. Qe2 Qxb3 32. d4 Bg7 33. Qd3 Qxa4
34. Kf1 Qb4 35. Rb1 Qe7 36. d5 Red8 37. d6 Qe6 38. Rd1 Qc4 39. Rf4 Qxd3+ 40.
Rxd3 Rc5 41. Nc7 Be5 42. Ne6 Rc1+ 43. Kg2 Rxd6 44. Rxd6 Bxd6 45. Rd4 Rc6 46. h4
Ra6 47. Ra4 Kf7 48. Ng5+ Kg7 49. e4 h6 50. Nf3 fxe4 51. Nd2 e3 52. Ne4 Bb4 53.
Kf3 Bd2 54. Ke2 h5 55. Nc5 Rf6 56. Re4 Rf2+ 57. Kd3 Kf6 58. Rd4 Bb4 59. Ne4+ Ke5
60. Rd8 e2 61. Re8+ Kd5 62. Nxf2 e1=Q 63. Rxe1 Bxe1 64. Nh3 Ke5 65. Ng5 Kf4 66.
Ne6+ Kf5 67. Nd4+ Kg4 68. Nc6 a4 69. Ne5+ Kf5 70. Nf3 Bg3 71. Kc4 Kg4 72. Nd2
Bxh4 73. Kb4 Be1 0-1

[Event "World Rapid 2017"]
[Site "Riyadh KSA"]
[Date "2017.12.26"]
[Round "3.52"]
[White "Jumabayev, Rinat"]
[Black "Malakhov, Vladimir"]
[Result "0-1"]
[WhiteTitle "GM"]
[BlackTitle "GM"]
[WhiteElo "2612"]
[BlackElo "2686"]
[WhiteFideId "13702661"]
[BlackFideId "4120787"]
[EventDate "2017.12.26"]

1. d4 d5 2. Bf4 c5 3. e3 cxd4 4. exd4 Nc6 5. c3 Bf5 6. Nf3 e6 7. Nbd2 Bd6 8. Bg3
Nge7 9. Nh4 O-O 10. Nxf5 Nxf5 11. Bd3 Nxg3 12. hxg3 h6 13. Nf3 Rb8 14. Qe2 Re8
15. Rh5 e5 16. dxe5 g6 17. Rh1 Bxe5 18. Kf1 Bxc3 19. Qc2 Bg7 20. Rh4 Qb6 21. Rb1
Re6 22. Qd2 Rbe8 23. Kg1 Ne5 24. Nxe5 Rxe5 25. Bf1 Qe6 26. Rd4 Rf5 27. Rd3 d4
28. Rb3 b6 29. Rb5 Qxa2 30. Qc2 Rxb5 31. Bxb5 Re7 32. Bc4 Rc7 33. Rc1 d3 34.
Qxd3 Qxb2 35. Rd1 Kh7 36. Bd5 Bf6 37. g4 Kg7 38. Rd2 Qc3 39. Qe2 Re7 40. Qd1 Bg5
41. Re2 Rd7 42. Re4 Qc5 43. Rd4 Bh4 44. Qd2 Bxf2+ 0-1

[Event "World Rapid 2017"]
[Site "Riyadh KSA"]
[Date "2017.12.26"]
[Round "3.53"]
[White "Melkumyan, Hrant"]
[Black "Omar, Noaman"]
[Result "1-0"]
[WhiteTitle "GM"]
[BlackTitle "IM"]
[WhiteElo "2633"]
[BlackElo "2364"]
[WhiteFideId "13302485"]
[BlackFideId "9300244"]
[EventDate "2017.12.26"]

1. e4 c6 2. d4 d5 3. exd5 cxd5 4. Bd3 Nc6 5. c3 Nf6 6. Bf4 g6 7. Nd2 Bf5 8. Bxf5
gxf5 9. Ne2 e6 10. O-O Bd6 11. Nf3 Ne4 12. a4 Rg8 13. Qc1 Bxf4 14. Nxf4 Rc8 15.
Qe3 Qd6 16. Nd3 Rc7 17. Rae1 Kd8 18. Re2 Kc8 19. Nfe1 Qf8 20. f3 Nd6 21. Qf4 Nc4
22. b3 N4a5 23. Rb2 Qg7 24. Rff2 Ne7 25. Nc5 Ng6 26. Qd2 Rd8 27. Ned3 Qf8 28.
Nf4 Nxf4 29. Qxf4 Qd6 30. Qd2 Kb8 31. Rb1 Ka8 32. b4 Nc4 33. Qh6 Rdc8 34. a5 Qf8
35. Qxh7 Na3 36. Rc1 Nb5 37. Qh4 Rc6 38. Qf4 Qd6 39. Qxd6 Rxd6 40. Ra2 Kb8 41.
Rb2 b6 42. Kf2 Kc7 43. Ra1 Rc6 44. axb6+ axb6 45. Rb3 Kd6 46. Ke3 Ke7 47. Kd3
bxc5 48. dxc5 e5 49. Ra5 Rb8 50. Rb1 f4 51. c4 dxc4+ 52. Kxc4 Nd4 53. b5 Rcc8
54. b6 Ne6 55. Rbb5 f5 56. Ra6 e4 57. b7 Rd8 58. Rbb6 Rd4+ 59. Kc3 Rd3+ 60. Kc4
Nc7 61. Ra7 Rd2 62. Rc6 Rd7 63. Rh6 Ne6 64. c6 Rd6 65. Rh7+ Kf6 66. Ra6 Rd4+ 67.
Kb5 Ke5 68. Re7 Rd1 69. Rxe6+ Kxe6 70. c7+ Kd5 1-0

[Event "World Rapid 2017"]
[Site "Riyadh KSA"]
[Date "2017.12.26"]
[Round "3.54"]
[White "Lodhi, Mahmood"]
[Black "Nguyen, Ngoc Truong Son"]
[Result "1/2-1/2"]
[WhiteTitle "IM"]
[BlackTitle "GM"]
[WhiteElo "2347"]
[BlackElo "2630"]
[WhiteFideId "7800010"]
[BlackFideId "12401110"]
[EventDate "2017.12.26"]

1. d4 Nf6 2. c4 e6 3. Nf3 Bb4+ 4. Nbd2 O-O 5. a3 Bxd2+ 6. Qxd2 b6 7. g3 Bb7 8.
Bg2 d6 9. O-O Nbd7 10. b4 Qe7 11. Bb2 Be4 12. Rfd1 c6 13. Rac1 a5 14. b5 Rfc8
15. a4 cxb5 16. cxb5 Nd5 17. Ba3 N7f6 18. Ne5 Bxg2 19. Kxg2 Qb7 20. Nc6 Ne7 21.
Qc2 Nxc6 22. bxc6 Qc7 23. e4 Rab8 24. Qe2 Qd8 25. e5 dxe5 26. dxe5 Nd5 27. Bd6
Ra8 28. h4 Qe8 29. Qb5 h6 30. Rxd5 exd5 31. Qxb6 d4 32. Qb5 Ra7 33. c7 Qxb5 34.
axb5 Rb7 35. Rb1 Rcxc7 36. Bxc7 Rxc7 37. b6 Rb7 38. Kf3 a4 39. Ke4 a3 40. Kxd4
a2 41. Ra1 Rxb6 42. Rxa2 g6 43. Rc2 h5 44. Rc7 Rb2 45. Ke3 Rb4 46. Rd7 Ra4 47.
Rd4 Ra2 48. f3 Kg7 49. Kf4 Ra7 50. Re4 Ra3 51. g4 hxg4 52. fxg4 Rh3 53. Kg5 Rf3
54. h5 gxh5 55. gxh5 Rh3 56. Rg4 Rh1 57. Rh4 Rg1+ 58. Kf5 Rf1+ 59. Ke4 Re1+ 60.
Kd5 Rd1+ 61. Rd4 Rf1 62. Rh4 Rd1+ 63. Kc5 Rf1 64. h6+ Kh7 65. Rh5 Rf2 66. Kd6
Rf1 67. Ke7 Rf2 68. Kd6 Rf1 69. Kd5 Rd1+ 70. Ke4 Re1+ 71. Kf3 Rf1+ 72. Ke3 Re1+
73. Kf2 Re4 74. Kf3 Re1 75. Kf4 Rf1+ 76. Kg5 Rf2 77. Rh4 Rg2+ 78. Kf5 Rg6 79.
Rh5 Re6 80. Rh1 Rg6 81. Rh4 Re6 82. Rh5 Rg6 83. Rg5 Rxh6 84. Rg2 Re6 85. Rg3 Ra6
86. Ke4 1/2-1/2

[Event "World Rapid 2017"]
[Site "Riyadh KSA"]
[Date "2017.12.26"]
[Round "3.55"]
[White "Miton, Kamil"]
[Black "Van Foreest, Jorden"]
[Result "0-1"]
[WhiteTitle "GM"]
[BlackTitle "GM"]
[WhiteElo "2584"]
[BlackElo "2629"]
[WhiteFideId "1111914"]
[BlackFideId "1039784"]
[EventDate "2017.12.26"]

1. e4 e5 2. Nf3 Nc6 3. Bc4 Bc5 4. c3 Nf6 5. d3 d6 6. Nbd2 a6 7. Bb3 Ba7 8. Nf1
Be6 9. Ng3 O-O 10. O-O h6 11. h3 Bxb3 12. axb3 Re8 13. Nf5 d5 14. Qe2 Qd7 15.
N3h4 Rad8 16. Qf3 dxe4 17. dxe4 Qd3 18. Nxh6+ Kf8 19. Be3 Qxe4 20. Bxa7 Nxa7 21.
N6f5 g6 22. Qe3 gxf5 23. Qh6+ Ke7 24. Rae1 Qc6 25. Rxe5+ Kd7 26. Rxf5 Ne4 27.
Rxf7+ Kc8 28. Qxc6 Nxc6 29. Nf3 Nc5 30. b4 Na4 31. g4 Nxb2 32. Kg2 Nd1 33. g5
Nxc3 34. h4 Rg8 35. Re1 Rd5 36. Re3 Nb5 37. Kh3 Nd6 38. Rf4 b5 39. h5 Nc4 40.
Re6 Nxb4 41. h6 Nd3 42. Rh4 Kd7 43. h7 Rh8 44. Rg6 Rf5 45. Kg3 Rxf3+ 46. Kxf3
Nde5+ 47. Ke4 Nxg6 48. Rh6 Nd6+ 49. Kd4 0-1

[Event "World Rapid 2017"]
[Site "Riyadh KSA"]
[Date "2017.12.26"]
[Round "3.56"]
[White "Al-Saffar, Araz Basim Mohammed S"]
[Black "Karjakin, Sergey"]
[Result "0-1"]
[WhiteTitle "IM"]
[BlackTitle "GM"]
[WhiteElo "2368"]
[BlackElo "2760"]
[WhiteFideId "4801040"]
[BlackFideId "14109603"]
[EventDate "2017.12.26"]

1. d4 Nf6 2. c4 e6 3. Nf3 d5 4. Nc3 c6 5. cxd5 exd5 6. Bg5 Be7 7. e3 Bf5 8. Bd3
Bxd3 9. Qxd3 Nbd7 10. O-O O-O 11. Rab1 a5 12. h3 Re8 13. Nd2 Nf8 14. Qc2 Ne6 15.
Bh4 g6 16. a3 Ng7 17. Na4 Nf5 18. Bg5 Nd7 19. Bf4 Bd6 20. Bxd6 Nxd6 21. Rfe1 h5
22. Nc5 Nxc5 23. Qxc5 a4 24. Qc2 Re6 25. e4 dxe4 26. Rbd1 Qe7 27. Nc4 Nxc4 28.
Qxc4 b5 29. Qc5 Rd8 30. Qxe7 Rxe7 31. f3 e3 32. Rd3 Red7 33. Rdxe3 Rxd4 34. R1e2
Rd2 35. Kf2 Rxe2+ 36. Kxe2 Kf8 37. Rc3 Rd6 38. g4 h4 39. f4 Ke7 40. g5 Kd7 41.
Rc2 Rd4 42. Kf3 Kd6 43. Re2 c5 44. Kg4 b4 45. axb4 cxb4 46. Re8 b3 47. Rf8 Kc6
48. Ra8 Kb5 49. Kxh4 Rxf4+ 50. Kg3 Rf1 51. Rb8+ Kc4 52. Ra8 Kd3 53. Rxa4 Kc2 54.
Kg2 Rf5 0-1

[Event "World Rapid 2017"]
[Site "Riyadh KSA"]
[Date "2017.12.26"]
[Round "3.57"]
[White "Tissir, Mohamed"]
[Black "Bukannan, Ahmed A"]
[Result "1-0"]
[WhiteTitle "IM"]
[WhiteElo "2381"]
[BlackElo "1929"]
[WhiteFideId "9000240"]
[BlackFideId "21504164"]
[EventDate "2017.12.26"]

1. e4 Nf6 2. Nc3 d5 3. exd5 Nxd5 4. Bc4 Nxc3 5. Qf3 e6 6. dxc3 Nc6 7. Qe2 Qf6 8.
Nf3 h6 9. Be3 Bd7 10. O-O-O Bd6 11. Kb1 O-O-O 12. h3 Kb8 13. Rhe1 Rhe8 14. g4
Ne5 15. Nxe5 Bxe5 16. Bxa7+ Kxa7 17. Qxe5 Qxe5 18. Rxe5 Bb5 19. Bd3 Bxd3 20.
cxd3 Rd6 21. Kc2 b6 22. d4 Kb7 23. Rde1 Red8 24. R1e2 g6 25. f4 R8d7 26. b4 Rd8
27. a4 Ra8 28. Kb3 Rc8 29. f5 exf5 30. gxf5 Rf6 31. fxg6 fxg6 32. R2e3 Rcf8 33.
Re7 Rf3 34. b5 Rxe3 35. Rxe3 h5 36. Re7 Rf5 37. Rg7 Rg5 38. Kb4 Kc8 39. c4 1-0